000
00211nam a22000857a 4500
008
170624b xxu||||| |||| 00| 0 eng d
100
_9
3663
_a
Brunkus. D
245
_a
Junie B first grader at last
260
_a
U. S
_c
2001
999
_c
7078
_d
7078